Filosofi nati dal 1800 - Statistics

Statistiche generali
  • Questo quiz è stato fatto 13 volte
  • Il punteggio medio è 6 su 34
Statistiche sulle risposte
Parola chiave anno di nascita Filosofo % Corretto
Nichilismo e oltre-uomo 1844 Friedrich Nietzsche
85%
Esistenza e fede 1813 Søren Kierkegaard
62%
Materialismo storico 1818 Karl Marx
54%
Totalitarismo e politica 1906 Hannah Arendt
38%
Esistenzialismo 1905 Jean-Paul Sartre
38%
Essere e tempo 1889 Martin Heidegger
38%
Egemonia culturale 1891 Antonio Gramsci
31%
Fenomenologia 1859 Edmund Husserl
23%
Falsificazionismo 1902 Karl Popper
23%
Filosofia del linguaggio 1889 Ludwig Wittgenstein
23%
Assurdo, rivolta, esistenzialismo 1913 Albert Camus
15%
Idealismo storico 1866 Benedetto Croce
15%
Logica e analitica 1872 Bertrand Russell
15%
Differenza e molteplicità 1925 Gilles Deleuze
15%
Attualismo 1875 Giovanni Gentile
15%
Potere e sapere 1926 Michel Foucault
15%
Femminismo esistenzialista 1908 Simone de Beauvoir
15%
Etica e spiritualità 1909 Simone Weil
15%
Ermeneutica 1900 Hans-Georg Gadamer
8%
Linguaggio e inconscio 1901 Jacques Lacan
8%
Giustizia come equità 1921 John Rawls
8%
Etica delle virtù e critica alla modernità 1929 Alasdair MacIntyre
0%
Analisi della democrazia moderna 1805 Alexis de Tocqueville
0%
Positivismo logico 1910 Alfred Jules Ayer
0%
Filosofia del processo 1861 Alfred North Whitehead
0%
Pragmatismo 1839 Charles Sanders Peirce
0%
Evoluzionismo sociale 1820 Herbert Spencer
0%
Liberalismo e pluralismo 1909 Isaiah Berlin
0%
Decostruzione 1930 Jacques Derrida
0%
Agire comunicativo 1929 Jürgen Habermas
0%
Teoria politica e diritto 1909 Norberto Bobbio
0%
Filosofia del linguaggio 1940 Saul Kripke
0%
Paradigmi scientifici 1922 Thomas Kuhn
0%
Pragmatismo 1842 William James
0%
Nessun quiz corrispondente trovato
Distribuzione punteggi
Percentuale di utenti per punteggio
Percentile per numero di risposta
I tuoi punteggi nel tempo
Non hai fatto questo quiz